Statistiques concernant Quizz personnage de Guardian Tales !

Cliquez ici pour prendre le quiz!

Statistiques générales

  • Ce quiz a été pris 67 fois
  • Le résultat moyen est 37 sur 57

Statistiques - réponses

HintRéponse% Correct
Sorcière des mersAra
91%
La magicienne sombreBeth
91%
L'héroïne légendaireErina
91%
Renard à neuf queuesGaram
91%
Petit AndroidAA72
84%
Dieu de la moissonKamael
84%
Le guerrier mécaOghma
84%
La noble succubeBianca
81%
Compte du DemonshireClaude
81%
Reine des démonsLilith
81%
Sorcière de glaceLupina
81%
Grand amiralMarina
81%
Renard à huit queuesNari
81%
La petite assistante de la mère NoelRue
81%
Cavalier du GolemAlef
78%
La fille-fleurBari
78%
AubergisteLoraine
78%
La secouristeYuze
78%
Chaperon rouge en chefArabelle
75%
ArchangeGabrielle
75%
La faucheuseHana
75%
Elémentaire de NoelCarol
72%
Bête divineMayreel
72%
Scientifique à la plageSohee
72%
Androïde autonomeMk.2
69%
AndroïdeMk.99
69%
La nécromancienneNoxia
69%
Déesse de la richesseEleanor
66%
L'illusionisteLucy
66%
La mercenaireOrca
66%
Déesse de la guerrePlitvice
66%
Archiprêtresse de l'EluVeronica
66%
L'enfant destinéeClara
63%
Star de cinémaEugene
63%
La scribeLahn
63%
Employée modeleParvati
63%
Demi-vampirePriscilla
63%
La Harpie de flammesScintilla
63%
La druideKanna
59%
L'épéiste ivreLynn
59%
L'archer dansantTinia
59%
La tueuseAndras
56%
L'exorcisteMiya
56%
Epée de loup-garouRey
56%
Avatar du dragonVishuvac
56%
Dame chevalierLapice
53%
FuturPrincesse du futur
53%
FuturChevalier du futur
50%
Tueuse de voleursLina
47%
Capitaine de la garde royaleValencia
47%
Maître épéisteGourry
44%
Numéro 9Miss Chrom
41%
NinjaSumire
38%
CapitaineEva idole
34%
ContractanteCrosselle
31%
Trouble-fêteTrio du Panda fou
28%
PrêtreXelos
28%

Distribution des résultats

Percentile par nombre de réponses

% des personnes avec chaque résultat

Votre développement - résultats

Vous n’avez pas pris ce quiz